=LDR 00000nam 2200000 4500 =001 NUTBA000000000001784 =005 20140517161024.0 =006 =007 =008 =020 ##$$a 979-3288-15-9 =035 ##$$a 0010-051400000000249 =082 ##$$a 610.734 =100 ##$$aWAHIT IKBAL MUBAROK =245 ##$$a PENGANTAR KEPERWATAN KOMUNITAS 1 =260 ##$$a Jakarta $b SAGUNG SETO $c 2005 =850 ##$$a NBPNMAT